000 00385nam a2200145Ia 4500
008 231129s2011||||xx |||||||||||||| ||spa||
020 _a978-958-8375-53-3
040 _bspa
082 _aCo861 G216c
100 _aGarcí­a Usta Jorge
245 0 _aCantaleta del amoroso
260 _c2011
264 _aEdiciones Pluma de Mompox
942 _2ddc
_cBKS
999 _c2011
_d2011